Loading...
| Beliefs | 6 | 16.67 | 67% | 50% | 50% |
| Fine Arts - Classical Music and Opera | 7 | 11.43 | 57% | 29% | 29% |
| Fine Arts - Other | 5 | 12.00 | 20% | 100% | 0% |
| Fine Arts - Visual | 3 | 16.67 | 33% | 67% | 67% |
| Geography | 3 | 10.00 | 67% | 33% | 0% |
| History - European | 4 | 12.50 | 50% | 25% | 50% |
| History - Other | 5 | 18.00 | 100% | 40% | 40% |
| History - US | 7 | 11.43 | 29% | 14% | 71% |
| History - World | 6 | 11.67 | 33% | 50% | 33% |
| Literature - American | 3 | 13.33 | 33% | 67% | 33% |
| Literature - British | 5 | 14.00 | 60% | 60% | 20% |
| Literature - European | 9 | 17.78 | 67% | 78% | 33% |
| Literature - World | 2 | 10.00 | 50% | 0% | 50% |
| Modern World | 4 | 12.50 | 25% | 50% | 50% |
| Other Academic | 2 | 10.00 | 50% | 50% | 0% |
| Philosophy | 5 | 10.00 | 20% | 60% | 20% |
| Science - Biology | 7 | 11.43 | 29% | 71% | 14% |
| Science - Chemistry | 7 | 15.71 | 43% | 43% | 71% |
| Science - Other | 2 | 15.00 | 100% | 50% | 0% |
| Science - Physics | 3 | 13.33 | 33% | 0% | 100% |
| Social Science | 5 | 14.00 | 80% | 20% | 40% |